[Event "Zhukovsky Elo-B 12"]
[Site "Zhukovsky"]
[Date "2008.12.03"]
[Round "7"]
[White "Sheleshnev, Aleksey"]
[Black "Kochetkov, Sergey"]
[Result "1-0"]
[WhiteElo "1724"]
[BlackElo "1645"]
[PlyCount "79"]
[EventDate "2008.12.03"]
[EventType "swiss"]
[EventRounds "9"]
[EventCountry "RUS"]
[SourceTitle "EXT 2022"]
[Source "ChessBase"]
[SourceDate "2021.10.06"]
[SourceVersion "1"]
[SourceVersionDate "2021.10.06"]
[SourceQuality "1"]

1. e4 e6 2. d4 d5 3. Nc3 Bb4 4. e5 c5 5. Bb5+ Nc6 6. Nf3 a6 7. Bxc6+ bxc6 8. a3 Bxc3+ 9. bxc3 c4 10. 0-0 h6 11. a4 a5 12. Ba3 Ne7 13. Qd2 0-0 14. Bc5 Re8 15. Rfb1 Ng6 16. Ra2 f6 17. Qe3 f5 18. Rab2 Bd7 19. Bd6 Ne7 20. Rb7 Nc8 21. Bc5 g5 22. h3 Kh8 23. Nh2 Rg8 24. Qf3 Qe8 25. Rb8 Rxb8 26. Rxb8 Qf7 27. g4 f4 28. Qe2 Qg6 29. f3 h5 30. Ra8 Qf7 31. Rxa5 Ne7 32. Ra7 Qe8 33. a5 Qb8 34. Rxd7 Ng6 35. Qd1 Qb2 36. a6 Qxc3 37. Rb7 Qe3+ 38. Kf1 Nxe5 39. a7 hxg4 40. hxg4 1-0

[Event "Zhukovsky Cup"]
[Site "Zhukovsky"]
[Date "2008.??.??"]
[Round "2"]
[White "Sheleshnev, Aleksey"]
[Black "Dolgova, Tamara"]
[Result "0-1"]
[WhiteElo "1724"]
[BlackElo "1914"]
[PlyCount "118"]
[EventDate "2008.04.21"]
[EventType "swiss"]
[EventRounds "9"]
[EventCountry "RUS"]
[SourceTitle "EXT 2022"]
[Source "ChessBase"]
[SourceDate "2021.10.06"]
[SourceVersion "1"]
[SourceVersionDate "2021.10.06"]
[SourceQuality "1"]

1. e4 e5 2. Nf3 Nc6 3. Bb5 a6 4. Ba4 Nf6 5. 0-0 Be7 6. Re1 b5 7. Bb3 0-0 8. h3 d6 9. c3 d5 10. exd5 Nxd5 11. Nxe5 Nxe5 12. Rxe5 c6 13. d4 Bd6 14. Re1 Qf6 15. Bc2 Nf4 16. Bxf4 Qxf4 17. g3 Qh6 18. h4 Bd7 19. Nd2 f5 20. Nf3 f4 21. Kg2 fxg3 22. fxg3 Bg4 23. Rf1 Rae8 24. Rf2 Qh5 25. Qd3 Bxf3+ 26. Rxf3 Rxf3 27. Qxh7+ Qxh7 28. Bxh7+ Kxh7 29. Kxf3 Rf8+ 30. Kg2 Kg6 31. Re1 Kf7 32. g4 Re8 33. Rxe8 Kxe8 34. Kf3 Kf7 35. b3 Be7 36. g5 Ke6 37. Ke4 g6 38. c4 bxc4 39. bxc4 Bb4 40. Kf4 Be1 41. Kg4 Bc3 42. h5 gxh5+ 43. Kxh5 Bxd4 44. Kg6 Kd6 45. Kf5 Kc5 46. Ke6 Kxc4 47. Kd6 c5 48. g6 Bg7 49. Kc6 Kd4 50. a4 c4 51. a5 c3 52. Kb6 c2 53. Kxa6 c1Q 54. Ka7 Kd5 55. Kb7 Qc6+ 56. Ka7 Kd6 57. a6 Bd4+ 58. Kb8 Qc7+ 59. Ka8 Qa7# 0-1

[Event "Zhukovsky Naukograd-C"]
[Site "Zhukovsky"]
[Date "2007.04.01"]
[Round "10"]
[White "Sheleshnev, Aleksey"]
[Black "Bogdanov, Ivan"]
[Result "1/2-1/2"]
[WhiteElo "1724"]
[BlackElo "1839"]
[PlyCount "76"]
[EventDate "2007.04.01"]
[EventType "tourn"]
[EventRounds "11"]
[EventCountry "RUS"]
[SourceTitle "EXT 2022"]
[Source "ChessBase"]
[SourceDate "2021.10.06"]
[SourceVersion "1"]
[SourceVersionDate "2021.10.06"]
[SourceQuality "1"]

1. e4 c5 2. Nf3 d6 3. d4 cxd4 4. Nxd4 Nf6 5. Nc3 a6 6. Be2 e6 7. f4 Nc6 8. Be3 Be7 9. 0-0 0-0 10. Bf3 Bd7 11. Nxc6 Bxc6 12. Qe2 d5 13. exd5 Nxd5 14. Nxd5 Bxd5 15. Bxd5 Qxd5 16. Qd2 Rad8 17. Rad1 Qxd2 18. Rxd2 Rxd2 19. Bxd2 Rd8 20. Bc3 Rd5 21. Kf2 Bc5+ 22. Ke2 Bd4 23. Bxd4 Rxd4 24. Rd1 Rxd1 25. Kxd1 Kf8 26. Kd2 Ke7 27. Ke3 Kd6 28. Kd4 f6 29. c4 b6 30. b4 e5+ 31. fxe5+ fxe5+ 32. Ke4 Ke6 33. b5 axb5 34. cxb5 Kd6 35. a4 g6 36. g4 h6 37. h4 h5 38. g5 Ke6 1/2-1/2